Western Sahara Country Quiz - Statistics

General Stats
  • This quiz has been taken 79 times
  • The average score is 5 of 16
Answer Stats
Hint Answer % Correct
Bordering countries Morocco
86%
Bordering countries Mauritania
84%
Bordering countries Algeria
74%
Most common religion Islam
69%
An international organization where Western Sahara is a full member {African} Union
59%
Biggest cites Laayoune
53%
The year in which Western Sahara proclaimed its independence from Spain 1976
33%
Indigenous People Sahrawi
31%
Number of countries that recognize Western Sahara 34
19%
Capital (under Moroccan control) Al-Ujun
3%
The history of Western Sahara can be traced back to the times of ... Carthaginian
3%
Capitals (A temporary capital) Titfariti
3%
The People's Liberation Front of Es-Sakija al-Hamra and Rio de Oro undertook ... anti-Spanish {military campaign}
2%
Most of Western Sahara's territory remains unused ... Economically
2%
The only legally operating political party in an area not controlled by Morocco Font Polisario
2%
Full name Saharan Arab Democratic Republic
2%
No matching quizzes found
Score Distribution
Percent of People with Each Score
Percentile by Number Answered
Your Score History
You have not taken this quiz